000 00554nam a22001937a 4500
999 _c7662
_d7662
003 OSt
005 20220201113718.0
008 220201b ||||| |||| 00| 0 eng d
020 _a0-13-091568-8
040 _cDDC
082 _a658.15
100 _aOgden,Joseph P ;Jen Frank C
_915670
245 _aAdvanced Corporate Finance:
_bpolicies and strategy
260 _aNew Jersey:
_bprentice Hall;
_c2002
300 _axviii,702p.
_bill:
_c23cm
504 _aincludes bibliographical references and index
650 _2corporate finance
942 _2ddc
_cBOOK